|
|
|
|
| LEADER |
00000nam a2200000 i 4500 |
| 001 |
DIGUAZUAY0262 |
| 003 |
NyNyDIG |
| 007 |
cr ||||||||||| |
| 008 |
251202s2024 ec a ob 000 0 spa d |
| 006 |
m o d |
| 035 |
|
|
|a (OCoLC)1500726407
|
| 040 |
|
|
|a DGITA
|b eng
|e rda
|e pn
|c DGITA
|
| 020 |
|
|
|a 9789942645814
|q eBook
|
| 020 |
|
|
|z 9789942645807
|
| 043 |
|
|
|a s-ec---
|
| 050 |
1 |
4 |
|a NX536 ebook
|
| 100 |
1 |
|
|a Zapata, Cristóbal,
|e author.
|
| 245 |
1 |
0 |
|a Ariel Dawi :
|b conversaciones con el paisaje y el color /
|c Cristóbal Zapata.
|
| 264 |
|
1 |
|a Cuenca, Ecuador :
|b Universidad del Azuay, Casa Editora,
|c [2024]
|
| 300 |
|
|
|a 1 online resource :
|b color illustrations.
|
| 336 |
|
|
|a text
|b txt
|2 rdacontent
|
| 337 |
|
|
|a computer
|b c
|2 rdamedia
|
| 338 |
|
|
|a online resource
|b cr
|2 rdacarrier
|
| 347 |
|
|
|a text file
|2 rdaft
|
| 347 |
|
|
|b PDF
|
| 490 |
1 |
|
|a Colección La Mirada
|
| 504 |
|
|
|a Includes bibliographical references.
|
| 588 |
0 |
|
|a Online resource; title from PDF title page (Digitalia, viewed December 2, 2025)
|
| 600 |
1 |
0 |
|a Dawi, Ariel
|x Criticism and interpretation.
|
| 650 |
|
0 |
|a Art, Ecuadorian.
|
| 650 |
|
0 |
|a Artists
|z Ecuador
|z Cuenca.
|
| 791 |
2 |
|
|a Digitalia (Firm),
|e distributor.
|
| 793 |
0 |
|
|g Digitalia eBook Collection:
|a Universidad del Azuay
|
| 776 |
0 |
8 |
|i Print version:
|a Zapata, Cristóbal.
|t Ariel Dawi.
|d Cuenca, Ecuador : Universidad del Azuay, Casa Editora, [2024]
|z 9789942645807
|
| 830 |
|
0 |
|a Colección La Mirada (Universidad del Azuay, Casa Editora)
|
| 856 |
4 |
0 |
|3 Digitalia Hispánica
|u https://www.digitaliapublishing.com/a/170490/
|
| 910 |
|
|
|a Premium collection: 2025
|